LEADER 01321nam 2200397 450 001 9910511758803321 035 $a(CKB)3710000000885613 035 $a(MiAaPQ)EBC4709189 035 $a(EXLCZ)993710000000885613 100 $a20161018h20162016 uy 0 101 0 $aeng 135 $aurcnu|||||||| 181 $2rdacontent 182 $2rdamedia 183 $2rdacarrier 200 00$a21st century funding and development strategies for libraries /$fguest editor, Susan Sharpless Smith 210 1$aBradford, England :$cEmerald Group Publishing Limited,$d2016. 210 4$dİ2016 215 $a1 online resource (69 pages) $cillustrations, tables, charts 225 1 $aBottom Line,$x0888-045X ;$vVolume 29, Number 2 320 $aIncludes bibliographical references. 410 0$aBottom line ;$vVolume 29, Number 2. 606 $aPublic services (Libraries) 606 $aLibraries$xActivity programs 608 $aElectronic books. 615 0$aPublic services (Libraries) 615 0$aLibraries$xActivity programs. 676 $a025.5 702 $aSmith$b Susan Sharpless 801 0$bMiAaPQ 801 1$bMiAaPQ 801 2$bMiAaPQ 906 $aBOOK 912 $a9910511758803321 996 $a21st century funding and development strategies for libraries$92550666 997 $aUNINA LEADER 04627nam 22006855 450 001 9910502628503321 005 20230810172911.0 010 $a9783030740061 010 $a3030740064 024 7 $a10.1007/978-3-030-74006-1 035 $a(CKB)5090000000004697 035 $a(MiAaPQ)EBC6747473 035 $a(Au-PeEL)EBL6747473 035 $a(OCoLC)1276860234 035 $a(DE-He213)978-3-030-74006-1 035 $a(EXLCZ)995090000000004697 100 $a20211007d2021 u| 0 101 0 $aeng 135 $aurcnu|||||||| 181 $ctxt$2rdacontent 182 $cc$2rdamedia 183 $acr$2rdacarrier 200 10$aTransnational Islam and the Integration of Turks in Great Britain /$fby Erdem Dikici 205 $a1st ed. 2021. 210 1$aCham :$cSpringer International Publishing :$cImprint: Palgrave Macmillan,$d2021. 215 $a1 online resource (288 pages) 225 1 $aPalgrave Politics of Identity and Citizenship Series,$x2947-6119 311 08$a9783030740054 311 08$a3030740056 327 $aIntroduction: Towards a Balanced Approach in Integration and Transnational Migration -- PART I: Chapter 1: Theories of National Models of Integration -- Chapter 2: Transnationalism, Transnational Migration, and Integration -- Chapter 3: Transnational Actors of Integration -- Chapter 4: Integration as a Three-Way Process and Negotiation -- PART II:Chapter 5: Turks in Great Britain: Migration, Integration, and Organization -- Chapter 6: Transnational Turkish Islam in Great Britain: The Gülenist Movement -- Chapter 7: Integration in Context: Gülenist Views on Integration -- Chapter 8: Integration in practice: Gülenist Practices and Turkish Integration in Great Britain -- Conclusion. 330 $aThis book brings a transnational perspective to the study of immigrant integration in contemporary Western European societies, with a specific focus on transnational Turkish Islam and Turkish integration in Great Britain. It raises significant questions regarding national citizenship models, and offers original insights into the ways in which they can be extended and renewed to cover the cross-border reality. At the theoretical level, Dikici argues that the idea of multiculturalism can be extended to cover immigrant transnationalism without jeopardising its core principles such as equality and recognition of difference, and promises such as shared national identity and unity in diversity. At the empirical level, the book illustrates that not all transnational Muslim organisations are the same (i.e. militant), and nor do they all hinder Muslim integration, rather they are diverse, with some deliberately contributing to the integration of Muslims into non-Muslim majority societies. The work will be of interest to scholars and students of contemporary integration and citizenship studies, multiculturalism studies, Muslim integration in Western societies, transnationalism and transnational Islam, Civil Society and Diaspora Studies. Dr. Erdem Dikici obtained his PhD research in University of Bristol, 2016. He was a Research Affiliate position in Centre for the Studies of Ethnicity and Citizenship, University of Bristol, July 2016-2017. Currently, he is an independent researcher based in Konya, Turkey. His main research interests include multiculturalism, integration, citizenship, transnationalism, diaspora, transnational Islam and state-religion relations. 410 0$aPalgrave Politics of Identity and Citizenship Series,$x2947-6119 606 $aPolitical sociology 606 $aEmigration and immigration$xSocial aspects 606 $aIslam and the social sciences 606 $aIslamic sociology 606 $aMiddle East$xPolitics and government 606 $aPolitical Sociology 606 $aSociology of Migration 606 $aSocial Scientific Studies of Islam 606 $aMiddle Eastern Politics 615 0$aPolitical sociology. 615 0$aEmigration and immigration$xSocial aspects. 615 0$aIslam and the social sciences. 615 0$aIslamic sociology. 615 0$aMiddle East$xPolitics and government. 615 14$aPolitical Sociology. 615 24$aSociology of Migration. 615 24$aSocial Scientific Studies of Islam. 615 24$aMiddle Eastern Politics. 676 $a909.04943 676 $a305.6970941 700 $aDikici$b Erdem$01072731 801 0$bMiAaPQ 801 1$bMiAaPQ 801 2$bMiAaPQ 906 $aBOOK 912 $a9910502628503321 996 $aTransnational Islam and the Integration of Turks in Great Britain$92568971 997 $aUNINA